[Event "African Online-ch O50-Seniors 2021"]
[Site "Online"]
[Date "2021.02.01"]
[Round "5.3"]
[White "Ohlson, Cecil"]
[Black "Molapo, Joang"]
[Result "1/2-1/2"]
[WhiteElo "1652"]
[BlackElo "1607"]
[Annotator "NA RC"]
[PlyCount "148"]
[EventDate "2021.02.01"]
[EventType "swiss"]
[EventCountry "NET"]
[SourceTitle "playchess.com"]
[Source "ChessBase"]
[SourceQuality "1"]
[TimeControl "1500+10"]

1. e4 {[%emt 0:00:00]} c5 {[%emt 0:00:06]} 2. d3 {[%emt 0:00:03]} d6 {[%emt 0:00:07]} 3. f4 {[%emt 0:00:02]} Nc6 {[%emt 0:00:08]} 4. Be2 {[%emt 0:00:03]} Nf6 {[%emt 0:00:22]} 5. Nf3 {[%emt 0:00:02]} e6 {[%emt 0:00:12]} 6. O-O {[%emt 0:00:03]} Be7 {[%emt 0:00:04]} 7. Qe1 {[%emt 0:00:02]} O-O {[%emt 0:00:29]} 8. Ng5 {[%emt 0:00:05]} Nd4 {[%emt 0:00:20]} 9. Bd1 {[%emt 0:00:03]} h6 {[%emt 0:00:18]} 10. Nh3 {[%emt 0:00:03]} Qc7 {[%emt 0:00:22]} 11. c3 {[%emt 0:00:03]} Nc6 {[%emt 0:00:06]} 12. Qg3 {[%emt 0:00:58]} Kh8 {[%emt 0:00:29]} 13. Nd2 {[%emt 0:01:36]} b5 {[%emt 0:00:11]} 14. a4 {[%emt 0:00:36]} Rb8 {[%emt 0:00:10]} 15. axb5 {[%emt 0:00:12]} Rxb5 {[%emt 0:00:07]} 16. Nc4 {[%emt 0:00:56]} Nh7 {[%emt 0:01:00]} 17. Ba4 {[%emt 0:01:22]} Rb7 {[%emt 0:00:12]} 18. Bxc6 {[%emt 0:00:05]} Qxc6 {[%emt 0:00:16]} 19. Na5 {[%emt 0:01:13]} Qa6 {[%emt 0:00:10]} 20. Bd2 {[%emt 0:00:10]} Rb8 {[%emt 0:00:14]} 21. c4 {[%emt 0:00:41]} Qb6 {[%emt 0:01:07]} 22. Bc3 {[%emt 0:01:59]} e5 {[%emt 0:00:36]} 23. fxe5 {[%emt 0:00:14]} Bxh3 {[%emt 0:00:42]} 24. Qxh3 {[%emt 0:00:19]} dxe5 {[%emt 0:00:10]} 25. Bxe5 {[%emt 0:00:07]} Rbd8 {[%emt 0:00:10]} 26. Qg3 {[%emt 0:00:15]} Bf6 {[%emt 0:00:06]} 27. Bc7 {[%emt 0:00:14]} Qxb2 {[%emt 0:02:59]} 28. e5 {[%emt 0:00:20]} Qd4+ {[%emt 0:00:34]} 29. Kh1 {[%emt 0:01:38]} Bh4 {[%emt 0:00:51]} 30. Qf4 {[%emt 0:00:58]} Qxf4 {[%emt 0:00:23]} 31. Rxf4 {[%emt 0:00:08]} Bg5 {[%emt 0:00:05]} 32. Bxd8 {[%emt 0:00:51]} Bxf4 {[%emt 0:00:05]} 33. Nc6 {[%emt 0:00:03]} Kg8 {[%emt 0:00:56]} 34. Rxa7 {[%emt 0:01:49]} Ng5 {[%emt 0:01:18]} 35. g3 {[%emt 0:02:19]} Be3 {[%emt 0:00:18]} 36. Ne7+ {[%emt 0:02:17]} Kh7 {[%emt 0:00:33]} 37. Bc7 {[%emt 0:00:12]} Ne6 {[%emt 0:00:21]} 38. Bd6 {[%emt 0:00:02]} Rd8 {[%emt 0:02:05]} 39. Nf5 {[%emt 0:00:20]} Bd2 {[%emt 0:00:43]} 40. g4 {[%emt 0:01:23]} Kg8 {[%emt 0:02:51]} 41. Ra2 {[%emt 0:01:39]} Bc3 {[%emt 0:00:46]} 42. Rf2 {[%emt 0:00:09]} f6 {[%emt 0:01:20]} 43. Ne7+ {[%emt 0:01:18]} Kf7 {[%emt 0:00:08]} 44. Nc6 {[%emt 0:00:15]} Rc8 {[%emt 0:00:54]} 45. Na7 {[%emt 0:00:10]} Ra8 {[%emt 0:00:56]} 46. Nb5 {[%emt 0:00:04]} Ba1 {[%emt 0:00:22]} 47. Nc7 {[%emt 0:00:34]} Nxc7 {[%emt 0:00:18]} 48. Bxc7 {[%emt 0:00:03]} Bd4 {[%emt 0:00:12]} 49. Rf3 {[%emt 0:00:11]} Ra2 {[%emt 0:01:11]} 50. h4 {[%emt 0:00:17]} Re2 {[%emt 0:00:17]} 51. exf6 {[%emt 0:00:07]} gxf6 {[%emt 0:00:11]} 52. g5 {[%emt 0:00:07]} hxg5 {[%emt 0:00:05]} 53. hxg5 {[%emt 0:00:02]} Re1+ {[%emt 0:00:04]} 54. Kh2 {[%emt 0:00:07]} Kg6 {[%emt 0:00:31]} 55. gxf6 {[%emt 0:00:06]} Bxf6 {[%emt 0:00:07]} 56. Rg3+ {[%emt 0:00:38]} Kf5 {[%emt 0:00:05]} 57. Rf3+ {[%emt 0:00:26]} Ke6 {[%emt 0:00:04]} 58. Kg2 {[%emt 0:00:05]} Bd4 {[%emt 0:00:07]} 59. Bb6 {[%emt 0:00:13]} Rg1+ {[%emt 0:00:19]} 60. Kh2 {[%emt 0:00:02]} Rg6 {[%emt 0:00:12]} 61. Kh3 {[%emt 0:00:28]} Kd7 {[%emt 0:00:08]} 62. Ba7 {[%emt 0:00:06]} Kc6 {[%emt 0:00:11]} 63. Kh4 {[%emt 0:00:10]} Kb7 {[%emt 0:00:12]} 64. Rf7+ {[%emt 0:00:05]} Ka6 {[%emt 0:00:03]} 65. Bb8 {[%emt 0:00:19]} Ka5 {[%emt 0:00:04]} 66. Rb7 {[%emt 0:00:17]} Ka4 {[%emt 0:00:29]} 67. Ba7 {[%emt 0:00:15]} Re6 {[%emt 0:01:11]} 68. Rb5 {[%emt 0:00:13]} Re3 {[%emt 0:00:27]} 69. Bxc5 {[%emt 0:00:08]} Bxc5 {[%emt 0:00:03]} 70. Rxc5 {[%emt 0:00:03]} Rxd3 {[%emt 0:00:03]} 71. Rc8 {[%emt 0:00:39]} Rc3 {[%emt 0:00:10]} 72. c5 {[%emt 0:00:03]} Kb5 {[%emt 0:00:04]} 73. Rb8+ {[%emt 0:00:08]} Kxc5 {[%emt 0:00:03]} 74. Rc8+ {[%emt 0:00:01]} Kd4 {[%emt 0:00:05]} 1/2-1/2

[Event "African Online-ch O50-Seniors 2021"]
[Site "Online"]
[Date "2021.02.01"]
[Round "5.4"]
[White "Kpodo, Evans Mawuko"]
[Black "Fernandes, Luis De Pina"]
[Result "1-0"]
[WhiteElo "1654"]
[BlackElo "1601"]
[Annotator "NA RC"]
[PlyCount "69"]
[EventDate "2021.02.01"]
[EventType "swiss"]
[EventCountry "NET"]
[SourceTitle "playchess.com"]
[Source "ChessBase"]
[SourceQuality "1"]
[TimeControl "1500+10"]

1. d4 {[%emt 0:00:00]} Nf6 {[%emt 0:00:07]} 2. c4 {[%emt 0:00:04]} g6 {[%emt 0:00:08]} 3. Nc3 {[%emt 0:00:13]} d5 {[%emt 0:00:07]} 4. cxd5 {[%emt 0:00:05]} Nxd5 {[%emt 0:00:05]} 5. e4 {[%emt 0:00:02]} Nxc3 {[%emt 0:00:05]} 6. bxc3 {[%emt 0:00:02]} Bg7 {[%emt 0:00:03]} 7. Bc4 {[%emt 0:00:21]} c5 {[%emt 0:00:04]} 8. Ne2 {[%emt 0:00:04]} Nc6 {[%emt 0:01:46]} 9. Be3 {[%emt 0:02:03]} O-O {[%emt 0:01:56]} 10. Rb1 {[%emt 0:00:12]} Qa5 {[%emt 0:00:48]} 11. O-O {[%emt 0:00:07]} Rd8 {[%emt 0:02:11]} 12. Qb3 {[%emt 0:00:15]} e6 {[%emt 0:02:36]} 13. d5 {[%emt 0:01:25]} Ne5 {[%emt 0:00:07]} 14. dxe6 {[%emt 0:00:08]} fxe6 {[%emt 0:03:47]} 15. Bxe6+ {[%emt 0:00:05]} Bxe6 {[%emt 0:00:43]} 16. Qxe6+ {[%emt 0:00:06]} Kh8 {[%emt 0:00:15]} 17. Bh6 {[%emt 0:01:17]} Qc7 {[%emt 0:00:17]} 18. Bxg7+ {[%emt 0:00:12]} Qxg7 {[%emt 0:00:06]} 19. f4 {[%emt 0:01:39]} Nd3 {[%emt 0:00:38]} 20. f5 {[%emt 0:00:15]} Re8 {[%emt 0:00:17]} 21. f6 {[%emt 0:00:15]} Rxe6 {[%emt 0:01:17]} 22. fxg7+ {[%emt 0:00:05]} Kxg7 {[%emt 0:00:01]} 23. Rxb7+ {[%emt 0:00:04]} Kh6 {[%emt 0:00:16]} 24. Nf4 {[%emt 0:00:06]} Nxf4 {[%emt 0:00:28]} 25. Rxf4 {[%emt 0:00:05]} g5 {[%emt 0:00:10]} 26. Rff7 {[%emt 0:00:22]} Rxe4 {[%emt 0:00:16]} 27. Rxh7+ {[%emt 0:00:05]} Kg6 {[%emt 0:00:02]} 28. Rhg7+ {[%emt 0:00:20]} Kf5 {[%emt 0:00:02]} 29. Rbf7+ {[%emt 0:00:10]} Kg4 {[%emt 0:00:17]} 30. Rxa7 {[%emt 0:00:12]} Rf8 {[%emt 0:00:12]} 31. Rgf7 {[%emt 0:00:06]} Rd8 {[%emt 0:00:24]} 32. Rfd7 {[%emt 0:00:18]} Rf8 {[%emt 0:00:04]} 33. h3+ {[%emt 0:00:13]} Kg3 {[%emt 0:00:06]} 34. Rd3+ {[%emt 0:00:06]} Kf4 {[%emt 0:00:25]} 35. Rf3+ {[%emt 0:00:05]} 1-0

[Event "African Online-ch O50-Seniors 2021"]
[Site "Online"]
[Date "2021.02.01"]
[Round "5.5"]
[White "Mukabi, John"]
[Black "Slami, Zoheir"]
[Result "0-1"]
[WhiteElo "1820"]
[BlackElo "1932"]
[Annotator "TA"]
[PlyCount "164"]
[EventDate "2021.02.01"]
[EventType "swiss"]
[EventCountry "NET"]
[SourceTitle "playchess.com"]
[Source "ChessBase"]
[SourceQuality "1"]

{[%evp 9,164,-20,-20,-30,-14,-35,-19,-32,-17,-26,0,-23,-23,-23,-8,-22,-3,-46,-62,-96,-8,-14,-11,-6,-11,-27,2,2,8,7,21,19,26,25,32,32,35,31,33,16,10,10,18,0,7,0,7,0,7,0,20,-11,14,0,0,0,0,0,5,0,0,-15,-31,-10,-23,-29,-32,-32,0,-19,27,28,25,0,0,0,95,89,614,610,533,507,468,40,407,-41,-41,-253,-254,-236,-236,-476,-476,-476,-476,-474,-474,-452,-424,-375,-254,-710,-671,-447,-416,-386,-52,-59,-8,-183,-8,-183,-183,-231,-183,-183,-183,-239,-175,-763,-197,-1191,-1191,-1130,-1130,-991,-926,-827,-656,-29965,-29968,-29965,-29964,-29971,-29972,-29970,-29960,-29966,-29967,-29976,-29977,-29977,-29978,-29978,-29979,-29978,-29979,-29979,-29980,-29980,-29981,-29981,-29982,-29983,-29984,-29983,-29984]} 1. d4 d5 2. Bf4 e6 3. Nf3 Nf6 4. e3 c5 5. Nc3 a6 6. a4 {D02: 1 d4 d5 2 Nf3 sidelines, including 2...Nf6 3 g3 and 2...Nf6 3 Bf4.} Be7 7. Be2 O-O 8. O-O {The position is equal.} Nc6 9. h3 Bd7 {[#]} 10. Ne5 $146 ({Predecessor:} 10. Re1 Qa5 11. Ne5 cxd4 12. exd4 Bb4 13. Bd3 Nxe5 14. Bxe5 Qd8 15. Re3 Bc6 16. Rg3 {1-0 (54) Korobov,Y-Kovalsky,V (1924) Lvov 2013}) 10... Rc8 11. Bf3 cxd4 12. exd4 Qb6 13. Nxc6 Rxc6 14. Bc1 Bb4 (14... Rc4 $17 15. Ne2 Rxa4) 15. Ne2 $11 {[%cal Bc3e2,Be2f4,Bf4d3,Bd3c5][%mdl 32]} Bd6 16. c3 h6 17. Re1 Bb8 18. a5 Qd8 19. Bf4 Bxf4 20. Nxf4 Rc8 21. Nd3 Bb5 22. Nc5 Qc7 23. Qd2 Rfe8 24. Re5 Nd7 25. Nxd7 Bxd7 26. g3 Bc6 27. Bg4 Rcd8 28. Kh2 Rd7 29. Qe2 Rde7 30. Qe1 Bb5 31. Be2 Bc6 32. Bg4 g6 33. h4 Kg7 34. h5 g5 35. Bd1 f6 36. Re3 e5 37. dxe5 Rxe5 38. Rxe5 Rxe5 39. Qd2 Qe7 {...Re1 is the strong threat.} 40. Bf3 f5 41. Rf1 g4 42. Bd1 Qf7 (42... Qe8 $11 {remains equal.} 43. Qd4 Kh7) 43. Qd4 $16 Qxh5+ $2 {[%mdl 8192]} (43... Qf6 $16) 44. Kg1 $18 Qe8 45. Re1 Kf6 {Now ...Qb8 and Black clings on.} 46. Bb3 $2 (46. Bxg4 $18 fxg4 47. Qf4+ {[%mdl 64] Double Attack} Rf5 48. Qxh6+ Qg6 49. Re6+ $3 {[%mdl 576] Skewer, Deflection} Kxe6 50. Qxg6+ Ke5 51. Qxg4) 46... Qe6 $2 {[%mdl 8192]} (46... Qb8 $1 $14) 47. Rxe5 $2 (47. c4 $18) 47... Qxe5 $15 48. Qxe5+ $2 ({Better is} 48. f4 $15 Qxd4+ 49. cxd4) 48... Kxe5 $18 {[%mdl 4096] Endgame KB-KB} 49. Bc2 f4 50. Kf1 $2 (50. Kh2 {was called for.}) 50... fxg3 $19 51. fxg3 d4 52. cxd4+ Kxd4 53. Kf2 Kc5 54. Ke3 Kb4 55. Kf4 $2 (55. Kd4) 55... Kxa5 56. Kxg4 {[#]} Be8 57. Kf4 Kb6 $2 (57... Kb4 $19 {Threatens to win with ...Ba4.} 58. g4 a5) 58. Ke5 $15 Kc7 (58... Kb5 $15) 59. Kd5 $2 {[#]} (59. Kf6 $11 {and White stays safe.}) 59... Bf7+ $2 (59... a5 $1 $19 60. Bf5 Bc6+ 61. Kd4 Kd6) 60. Kc5 $2 (60. Ke5 $11) 60... b6+ $19 61. Kb4 Kd6 62. Be4 Be8 63. Kc4 (63. Bd3 $142) 63... Bb5+ 64. Kb4 $2 (64. Kd4) 64... Be2 $2 (64... Ke5 65. Bb7 Kd4) 65. Bb7 $2 (65. Kc3) 65... a5+ {[%cal Ba6a5,Ba5b4][%mdl 32]} 66. Ka4 Kc5 67. Bc8 Bd1+ 68. Ka3 b5 69. b4+ axb4+ {Black mates.} 70. Kb2 Kd4 71. Be6 Ke3 72. Bd7 Ba4 73. Bg4 Kf2 74. Bh5 Kxg3 75. Kc1 Kf4 76. Kd2 Bb3 77. Kc1 Bc4 78. Kb2 Kg5 79. Be8 h5 80. Bd7 h4 81. Bc8 Kf4 82. Kc2 Kg3 {What a bad dream for White.  Weighted Error Value: White=0.62/Black=0.57} 0-1

[Event "African Online-ch O50-Seniors 2021"]
[Site "Online"]
[Date "2021.02.01"]
[Round "6.2"]
[White "Fernandes, Luis De Pina"]
[Black "Mukabi, John"]
[Result "0-1"]
[WhiteElo "1601"]
[BlackElo "1820"]
[Annotator "NA RC"]
[PlyCount "60"]
[EventDate "2021.02.01"]
[EventType "swiss"]
[EventCountry "NET"]
[SourceTitle "playchess.com"]
[Source "ChessBase"]
[SourceQuality "1"]
[TimeControl "1500+10"]

1. e4 {[%emt 0:00:00]} e5 {[%emt 0:00:10]} 2. Nf3 {[%emt 0:00:08]} Nf6 {[%emt 0:00:07]} 3. Nxe5 {[%emt 0:00:27]} d6 {[%emt 0:00:05]} 4. Nf3 {[%emt 0:00:04]} Nxe4 {[%emt 0:00:06]} 5. Qe2 {[%emt 0:00:06]} Qe7 {[%emt 0:00:09]} 6. d3 {[%emt 0:00:04]} Nf6 {[%emt 0:00:07]} 7. Bg5 {[%emt 0:00:22]} Qxe2+ {[%emt 0:00:14]} 8. Bxe2 {[%emt 0:00:05]} Be7 {[%emt 0:00:07]} 9. O-O {[%emt 0:00:11]} O-O {[%emt 0:00:07]} 10. Re1 {[%emt 0:00:06]} Nc6 {[%emt 0:00:09]} 11. Nc3 {[%emt 0:02:05]} Bg4 {[%emt 0:01:14]} 12. h3 {[%emt 0:00:42]} Bh5 {[%emt 0:00:23]} 13. Nd2 {[%emt 0:06:56]} Bg6 {[%emt 0:01:54]} 14. Bf3 {[%emt 0:00:21]} Rfe8 {[%emt 0:00:18]} 15. Bxc6 {[%emt 0:01:01]} bxc6 {[%emt 0:00:06]} 16. Re2 {[%emt 0:00:58]} Bd8 {[%emt 0:03:18]} 17. Rae1 {[%emt 0:00:45]} Rxe2 {[%emt 0:00:57]} 18. Rxe2 {[%emt 0:00:03]} Kf8 {[%emt 0:00:11]} 19. Nde4 {[%emt 0:02:19]} Nxe4 {[%emt 0:00:20]} 20. Bxd8 {[%emt 0:00:25]} Nxc3 {[%emt 0:04:26]} 21. Be7+ {[%emt 0:00:05]} Kg8 {[%emt 0:00:09]} 22. bxc3 {[%emt 0:00:05]} f6 {[%emt 0:00:06]} 23. g4 {[%emt 0:00:23]} Kf7 {[%emt 0:00:08]} 24. g5 {[%emt 0:00:13]} Re8 {[%emt 0:00:11]} 25. gxf6 {[%emt 0:00:07]} gxf6 {[%emt 0:00:06]} 26. Re1 {[%emt 0:02:18]} Rxe7 {[%emt 0:00:15]} 27. Rb1 {[%emt 0:00:04]} Bf5 {[%emt 0:03:35]} 28. h4 {[%emt 0:00:27]} Bc8 {[%emt 0:00:17]} 29. Rb8 {[%emt 0:00:08]} Re8 {[%emt 0:00:18]} 30. Kf1 {[%emt 0:02:05]} Bh3+ {[%emt 0:00:10]} 0-1

[Event "African Online-ch O50-Seniors 2021"]
[Site "Online"]
[Date "2021.02.01"]
[Round "6.3"]
[White "Molapo, Joang"]
[Black "Kpodo, Evans Mawuko"]
[Result "1/2-1/2"]
[WhiteElo "1607"]
[BlackElo "1654"]
[Annotator "NA RC"]
[PlyCount "169"]
[EventDate "2021.02.01"]
[EventType "swiss"]
[EventCountry "NET"]
[SourceTitle "playchess.com"]
[Source "ChessBase"]
[SourceQuality "1"]
[TimeControl "1500+10"]

1. d4 {[%emt 0:00:10]} Nf6 {[%emt 0:00:32]} 2. c4 {[%emt 0:00:05]} e6 {[%emt 0:00:16]} 3. Nf3 {[%emt 0:00:09]} Bb4+ {[%emt 0:00:09]} 4. Nc3 {[%emt 0:00:06]} c5 {[%emt 0:00:07]} 5. e3 {[%emt 0:00:04]} cxd4 {[%emt 0:00:15]} 6. exd4 {[%emt 0:00:04]} O-O {[%emt 0:00:30]} 7. Be2 {[%emt 0:00:11]} b6 {[%emt 0:00:09]} 8. O-O {[%emt 0:00:05]} Bb7 {[%emt 0:00:02]} 9. Bg5 {[%emt 0:00:06]} h6 {[%emt 0:00:10]} 10. Bh4 {[%emt 0:00:05]} Be7 {[%emt 0:00:03]} 11. d5 {[%emt 0:00:26]} d6 {[%emt 0:01:02]} 12. dxe6 {[%emt 0:00:19]} fxe6 {[%emt 0:00:05]} 13. Nd4 {[%emt 0:00:06]} Qc8 {[%emt 0:02:15]} 14. Rc1 {[%emt 0:02:03]} Re8 {[%emt 0:00:30]} 15. Ndb5 {[%emt 0:02:11]} Rd8 {[%emt 0:01:05]} 16. Re1 {[%emt 0:00:09]} a6 {[%emt 0:00:09]} 17. Nd4 {[%emt 0:00:08]} e5 {[%emt 0:00:07]} 18. Bxf6 {[%emt 0:00:17]} Bxf6 {[%emt 0:00:04]} 19. Bg4 {[%emt 0:00:05]} Nd7 {[%emt 0:01:45]} 20. Ne6 {[%emt 0:00:41]} Re8 {[%emt 0:00:12]} 21. Qxd6 {[%emt 0:00:08]} Qxc4 {[%emt 0:01:41]} 22. Nc7 {[%emt 0:00:18]} Qxg4 {[%emt 0:00:08]} 23. N3d5 {[%emt 0:00:40]} Bxd5 {[%emt 0:02:23]} 24. Qxd5+ {[%emt 0:00:05]} Kh8 {[%emt 0:00:44]} 25. Nxa8 {[%emt 0:00:37]} e4 {[%emt 0:00:08]} 26. Nc7 {[%emt 0:00:15]} Ne5 {[%emt 0:00:04]} 27. Qxe4 {[%emt 0:00:15]} Qxe4 {[%emt 0:03:47]} 28. Rxe4 {[%emt 0:00:07]} Rc8 {[%emt 0:00:06]} 29. Rc2 {[%emt 0:01:02]} Bd8 {[%emt 0:00:20]} 30. Rxe5 {[%emt 0:00:07]} Bxc7 {[%emt 0:00:13]} 31. Ree2 {[%emt 0:00:13]} Rd8 {[%emt 0:00:19]} 32. g3 {[%emt 0:00:06]} Rd7 {[%emt 0:00:15]} 33. Re6 {[%emt 0:00:07]} Kh7 {[%emt 0:00:17]} 34. f4 {[%emt 0:00:25]} Bd8 {[%emt 0:00:24]} 35. Kf2 {[%emt 0:00:19]} Bf6 {[%emt 0:00:07]} 36. Ke3 {[%emt 0:00:26]} Bd4+ {[%emt 0:00:06]} 37. Ke4 {[%emt 0:00:06]} Bc5 {[%emt 0:00:05]} 38. a3 {[%emt 0:00:08]} a5 {[%emt 0:00:05]} 39. b4 {[%emt 0:00:56]} axb4 {[%emt 0:00:07]} 40. axb4 {[%emt 0:00:05]} Rd4+ {[%emt 0:00:03]} 41. Ke5 {[%emt 0:00:05]} Rxb4 {[%emt 0:00:09]} 42. Kd5 {[%emt 0:00:09]} Rd4+ {[%emt 0:00:08]} 43. Kc6 {[%emt 0:00:04]} Rd8 {[%emt 0:00:17]} 44. Rce2 {[%emt 0:00:28]} Rc8+ {[%emt 0:00:11]} 45. Kb5 {[%emt 0:00:32]} Ra8 {[%emt 0:00:10]} 46. f5 {[%emt 0:00:39]} Bd4 {[%emt 0:00:15]} 47. R2e4 {[%emt 0:00:54]} Bg1 {[%emt 0:00:17]} 48. h3 {[%emt 0:00:09]} Ra5+ {[%emt 0:00:06]} 49. Kc6 {[%emt 0:00:08]} Rxf5 {[%emt 0:00:06]} 50. Rg4 {[%emt 0:00:22]} Rc5+ {[%emt 0:00:11]} 51. Kb7 {[%emt 0:00:06]} Rd5 {[%emt 0:00:46]} 52. Re7 {[%emt 0:00:14]} Bd4 {[%emt 0:00:05]} 53. h4 {[%emt 0:00:13]} b5 {[%emt 0:00:04]} 54. Kc6 {[%emt 0:00:25]} Bf6 {[%emt 0:01:20]} 55. Kxd5 {[%emt 0:00:09]} Bxe7 {[%emt 0:00:05]} 56. Ke6 {[%emt 0:00:08]} Ba3 {[%emt 0:00:13]} 57. Kd5 {[%emt 0:00:08]} Be7 {[%emt 0:00:33]} 58. Re4 {[%emt 0:00:09]} Ba3 {[%emt 0:00:41]} 59. Re3 {[%emt 0:00:04]} b4 {[%emt 0:00:09]} 60. Rb3 {[%emt 0:00:04]} Kg6 {[%emt 0:00:14]} 61. Ke4 {[%emt 0:00:11]} Kh5 {[%emt 0:00:06]} 62. Kf5 {[%emt 0:00:06]} g6+ {[%emt 0:00:14]} 63. Kf6 {[%emt 0:00:13]} g5 {[%emt 0:00:06]} 64. hxg5 {[%emt 0:00:05]} hxg5 {[%emt 0:00:03]} 65. Kf5 {[%emt 0:00:04]} Kh6 {[%emt 0:00:29]} 66. g4 {[%emt 0:00:06]} Bc1 {[%emt 0:00:14]} 67. Rxb4 {[%emt 0:00:06]} Kg7 {[%emt 0:00:05]} 68. Rc4 {[%emt 0:00:10]} Bd2 {[%emt 0:00:07]} 69. Rc6 {[%emt 0:00:13]} Kf7 {[%emt 0:00:13]} 70. Rc7+ {[%emt 0:00:06]} Ke8 {[%emt 0:00:08]} 71. Kg6 {[%emt 0:00:19]} Kf8 {[%emt 0:00:13]} 72. Rc5 {[%emt 0:00:17]} Be3 {[%emt 0:00:05]} 73. Rxg5 {[%emt 0:00:15]} Bxg5 {[%emt 0:00:05]} 74. Kxg5 {[%emt 0:00:03]} Kg7 {[%emt 0:00:05]} 75. Kf5 {[%emt 0:00:04]} Kf7 {[%emt 0:00:03]} 76. Ke4 {[%emt 0:00:10]} Kg6 {[%emt 0:00:10]} 77. Kf4 {[%emt 0:00:04]} Kf6 {[%emt 0:00:02]} 78. g5+ {[%emt 0:00:06]} Kg6 {[%emt 0:00:04]} 79. Kg4 {[%emt 0:00:03]} Kg7 {[%emt 0:00:08]} 80. Kh5 {[%emt 0:00:04]} Kh7 {[%emt 0:00:02]} 81. g6+ {[%emt 0:00:04]} Kg7 {[%emt 0:00:05]} 82. Kg5 {[%emt 0:00:05]} Kg8 {[%emt 0:00:16]} 83. Kh6 {[%emt 0:00:07]} Kh8 {[%emt 0:00:03]} 84. g7+ {[%emt 0:00:04]} Kg8 {[%emt 0:00:03]} 85. Kg6 {[%emt 0:00:06]} 1/2-1/2

[Event "African Online-ch O50-Seniors 2021"]
[Site "Online"]
[Date "2021.02.01"]
[Round "6.4"]
[White "De Villiers, Charles"]
[Black "Ohlson, Cecil"]
[Result "1-0"]
[WhiteElo "2110"]
[BlackElo "1652"]
[Annotator "TA"]
[PlyCount "95"]
[EventDate "2021.02.01"]
[EventType "swiss"]
[EventCountry "NET"]
[SourceTitle "playchess.com"]
[Source "ChessBase"]
[SourceQuality "1"]

{[%evp 9,95,0,0,-13,-8,-5,37,0,0,0,0,0,0,0,0,0,0,0,188,71,76,71,53,57,102,96,90,93,155,154,372,371,374,362,365,352,404,319,306,290,246,234,218,200,223,70,64,28,20,25,35,0,0,-86,-86,-86,-86,-85,-85,-199,-189,-149,-7,-7,-7,-33,-33,-72,0,0,0,-15,-8,-8,-12,-8,-12,-8,958,900,791,736,29985,29986,29986,29986,29986,29982]} 1. d4 d5 2. Bf4 c5 3. e3 Nc6 4. c3 Nf6 5. Nd2 Bf5 6. Qb3 {D00: 1 d4 d5: Unusual lines.} Qd7 7. Ngf3 e6 (7... c4 $5 {[%cal Rc4b3]} 8. Qd1 e6 $11) 8. Ne5 {White is slightly better.} (8. Bb5 $5 {[%cal Rf3e5]}) 8... Nxe5 9. dxe5 {Hoping for Bb5.} c4 10. Nxc4 dxc4 11. Bxc4 {Bb5 is the strong threat.} O-O-O $1 12. exf6 {And now 0-0 would win.} Qd2+ $1 13. Kf1 {[#]} Bd3+ $146 (13... gxf6 $11 {and Black is okay.} 14. Bg3 Rg8) ({Predecessor:} 13... gxf6 14. Be2 Bc2 15. Qb5 e5 16. Bg3 Kb8 17. Re1 Rg8 18. h4 Bd6 19. h5 a6 {½-½ (80) Ostrovskiy,A (2425)-Rodin,M (2320) chess.com INT 2020}) 14. Bxd3 (14. Kg1 $18 {and the rest is easy.}) 14... Qxd3+ $16 15. Kg1 gxf6 16. h3 $36 {[%mdl 2048] White is more active.} e5 17. Bg3 ({Don't go for} 17. Qxf7 $2 exf4 18. exf4 Bc5 $19) 17... h5 18. h4 ({Worse is} 18. Qxf7 h4 $17) 18... Rg8 (18... Qg6 $142) 19. Qxf7 {[%mdl 64] Double Attack} Rg6 (19... Qg6 $16 {keeps fighting.} 20. Qe6+ Kb8) 20. Kh2 $18 Qf5 21. Rhd1 {White threatens Qc4+ and mate.} Bd6 22. Rd2 {Threatens to win with Rad1.} Rf8 23. Qh7 Rfg8 24. Rxd6 R8g7 25. Qh8+ Rg8 {[#]} 26. Rxf6 $3 Qxf6 27. Qxf6 ({Only move:} 27. Qxh5 $18 {Strongly threatening Kg1.} Rh8 28. Qf3 (28. Qxe5 $2 Qxe5 29. Bxe5 Rxh4+ 30. Kg1 Rgh6 $19)) 27... Rxf6 {[%mdl 4096] Endgame KRR-KRB} 28. Rd1 {Threatening Rd5.} Rd8 $1 {[%cal Rd8d1]} 29. Rxd8+ Kxd8 $11 {KR-KB} 30. Kg1 e4 31. Kf1 (31. Be5 $11 {remains equal.} Ra6 32. a3) 31... Ra6 $1 $17 32. a3 {[#]} Rb6 $1 33. b4 Ra6 34. f3 (34. Be5 $17 {was called for.}) 34... Rxa3 $19 35. Be5 a5 (35... exf3 $17 36. gxf3 Ra2) 36. bxa5 $11 Rxa5 37. Bf6+ Kd7 {White must now prevent ...exf3.} 38. fxe4 {[#]} Ke6 ({Black should try} 38... Ra6 $1 $17 {[%cal Ra6f6]} 39. Bd4 Rg6) 39. Bd4 Ra2 40. c4 Rc2 41. c5 Kd7 42. Kg1 Kc6 43. Kh2 (43. Kf1 {is more complex.} Kc7 44. Kg1 Kd7 45. Kf1 Ke7 46. Kg1) 43... Rxc5 $2 {[%mdl 8192]} (43... Rf2 $11) 44. Bxc5 $18 Kxc5 45. g4 Kd6 46. gxh5 {White mates.} Ke6 47. Kg3 b5 48. Kf2 {What a fight!  Weighted Error Value: White=0.25/Black=0.38} 1-0